Green Day's Most Streamed Songs - Statistics

General Stats
  • This quiz has been taken 279 times
    73 since last reset
  • The average score is 12 of 21
Answer Stats
Hint Answer % Correct
1,332,684,425 American Idiot
96%
510,234,819* Holiday / Boulevard of Broken Dreams
96%
1,488,261,280 Basket Case
91%
1,170,555,274 Boulevard of Broken Dreams
87%
549,098,461 Holiday
83%
757,530,299 21 Guns
75%
1,012,764,384 Wake Me Up When September Ends
75%
1,000,669,436 Good Riddance
72%
758,024,398 When I Come Around
70%
258,553,258 Welcome To Paradise
62%
471,480,014 Brain Stew
58%
249,007,368 Jesus Of Suburbia
58%
190,382,205 Longview
51%
163,547,664 She
42%
162,967,936 Know Your Enemy
40%
99,540,536 Minority
38%
95,162,473 Hitchin' A Ride
25%
96,051,218 Whatsername
25%
217,253,515 Last Night On Earth
23%
97,856,895 Bang Bang
13%
131,141,305 Still Breathing
9%
No matching quizzes found
Score Distribution
Percent of People with Each Score
Percentile by Number Answered
Your Score History
You have not taken this quiz since the last reset